[Event "AUTO-INT-2997"]
[Site "http://www.queenalice.com/game.php?id=1359247"]
[Date "2015.5.12"]
[Round "1"]
[White "ticovi1970"]
[Black "juliobraga"]
[Result "1-0"]
[WhiteElo "1725"]
[BlackElo "1468"]

1. e4 e5 2. Nf3 Nc6 3. Bc4 h6 4. Nc3 Nf6 5. h3 Bc5 6. O-O d6 7. a3 O-O 8. b4 Bd4
9. Re1 Bxc3 10. dxc3 Be6 11. Bf1 a6 12. Nh2 d5 13. exd5 Nxd5 14. Qf3 Qf6 15. Qg3
Bf5 16. Bd3 Bxd3 17. cxd3 Nxc3 18. Ng4 Qe6 19. Nxh6+ Kh7 20. Ng4 Rfe8 21. d4
Nxd4 22. Qxc3 Nc6 23. Re3 Rad8 24. Bb2 f6 25. Qc2+ Kg8 26. Rg3 Nd4 27. Bxd4 exd4
28. Qg6 d3 29. Nh6+ Kf8 30. Qxg7# 1-0

[Event "AUTO-INT-2997"]
[Site "http://www.queenalice.com/game.php?id=1359254"]
[Date "2015.5.12"]
[Round "1"]
[White "ticovi1970"]
[Black "metalchurch"]
[Result "1-0"]
[WhiteElo "1764"]
[BlackElo "1642"]

1. e4 e5 2. Nf3 Nc6 3. Bc4 Nf6 4. Nc3 d6 5. O-O Bg4 6. Re1 Be7 7. h3 Bxf3 8.
Qxf3 O-O 9. Be2 h6 10. Qg3 a6 11. d3 Nd4 12. Bxh6 g6 13. Bxf8 Nxc2 14. Bxe7 Qxe7
15. Nd5 Nxd5 16. exd5 Nxa1 17. Rxa1 Kg7 18. Re1 f5 19. Bh5 Qf6 20. Bd1 Re8 21.
Re2 f4 22. Qf3 Kf7 23. g3 Rh8 24. h4 fxg3 25. Qxf6+ Kxf6 26. fxg3 Kg7 27. Kh2 g5
28. Kh3 Kf6 29. Kg4 c5 30. dxc6 bxc6 31. Rh2 gxh4 32. Rxh4 Rg8+ 33. Kh3 Ke6 34.
Rh6+ Kd5 35. Bb3+ Kd4 36. Bxg8 Kxd3 37. Rxd6+ Kc2 38. Rxc6+ Kxb2 39. Rxa6 Kc3
40. Rd6 e4 41. Bb3 e3 42. Bd1 Kb2 43. g4 1-0

[Event "AUTO-INT-2997"]
[Site "http://www.queenalice.com/game.php?id=1359255"]
[Date "2015.5.12"]
[Round "1"]
[White "metalchurch"]
[Black "ticovi1970"]
[Result "1-0"]
[WhiteElo "1727"]
[BlackElo "1579"]

1. e4 e5 2. d3 Bc5 3. Nf3 Nc6 4. Be2 Nf6 5. O-O O-O 6. h3 Re8 7. Nc3 Re6 8. a3
d6 9. Rb1 Ne8 10. b4 Bb6 11. Ng5 Rg6 12. Bh5 Rf6 13. Nd5 Rxf2 14. Rxf2 Bxf2+ 15.
Kxf2 g6 16. Bg4 h6 17. Nxf7 Kxf7 18. Bxh6 Qh4+ 19. Kg1 Qxh6 20. Qf3+ Kg7 21. Rf1
Bxg4 22. Qxg4 Rd8 23. Qe6 Kh8 24. Qf7 Qg7 25. Qxg7+ Kxg7 26. g4 Nd4 27. c3 Nb5
28. a4 Na3 29. Kg2 c6 30. Ne3 b5 31. Ra1 Nc4 32. dxc4 bxc4 33. Nxc4 Nf6 34. Rd1
Nxe4 35. Rd3 Kf6 36. Kf3 d5 37. Ne3 Ng5+ 38. Kg3 e4 39. Rd1 Ke5 40. b5 cxb5 41.
axb5 1-0

[Event "AUTO-OPEN-3492"]
[Site "http://www.queenalice.com/game.php?id=1363329"]
[Date "2015.6.3"]
[Round "1"]
[White "robertson"]
[Black "ticovi1970"]
[Result "1-0"]
[WhiteElo "1845"]
[BlackElo "1759"]

1. e4 e5 2. Nf3 d6 3. d3 Nf6 4. h3 Nc6 5. c3 Bd7 6. b4 b5 7. a4 a6 8. Qb3 Be6 9.
c4 bxc4 10. Qc3 d5 11. Ba3 Rb8 12. Nbd2 d4 13. Qc2 c3 14. Nc4 Bxc4 15. dxc4 Nxb4
16. Bxb4 Rxb4 17. Nxe5 Rb2 18. Qc1 Qb8 19. Bd3 c5 20. Nf3 Bd6 21. g3 Bxg3 22.
Rf1 Bf4 23. Qd1 1-0

[Event "AUTO-OPEN-3492"]
[Site "http://www.queenalice.com/game.php?id=1363330"]
[Date "2015.6.3"]
[Round "1"]
[White "ticovi1970"]
[Black "robertson"]
[Result "0-1"]
[WhiteElo "1746"]
[BlackElo "1858"]

1. e4 e5 2. Nf3 Qf6 3. Nc3 c6 4. Bc4 d6 5. h3 b5 6. Bb3 Ne7 7. d3 h6 8. a4 b4 9.
Na2 Nd7 10. Nxb4 a5 11. Na2 Ng6 12. Bd2 Qd8 13. c4 Bb7 14. Nc3 Nc5 15. Qc2 Nh4
16. Nxh4 Qxh4 17. g3 Qf6 18. Be3 Qf3 19. Rg1 Be7 20. Bxc5 dxc5 21. Qe2 Qf6 22.
O-O-O Bc8 23. g4 Rb8 24. Bc2 Bd6 25. Rdf1 Qe7 26. Nd1 Rb4 27. b3 Qd8 28. Ne3 Qg5
29. Kb2 Be6 30. f3 Qd8 0-1

[Event "AUTO-OPEN-3492"]
[Site "http://www.queenalice.com/game.php?id=1363351"]
[Date "2015.6.3"]
[Round "1"]
[White "wolf83"]
[Black "ticovi1970"]
[Result "0-1"]
[WhiteElo "1137"]
[BlackElo "1725"]

1. e4 e5 2. Nf3 Nc6 3. d4 d6 4. dxe5 dxe5 5. Bd3 Nf6 6. Be3 h6 7. Bb5 Qxd1+ 8.
Kxd1 Nxe4 9. Nxe5 Bd7 10. Nc3 Nxc3+ 11. bxc3 Nxe5 12. Rb1 a6 13. Bxd7+ Nxd7 14.
Re1 Be7 15. Rxb7 c6 16. f4 O-O-O 0-1

[Event "AUTO-OPEN-3492"]
[Site "http://www.queenalice.com/game.php?id=1363352"]
[Date "2015.6.3"]
[Round "1"]
[White "ticovi1970"]
[Black "wolf83"]
[Result "1-0"]
[WhiteElo "1725"]
[BlackElo "1137"]

1. e4 e5 2. Nf3 d6 3. Nc3 Nf6 4. g3 Bg4 5. d3 Nc6 6. Bg2 Nd4 7. Be3 Bxf3 8. Bxf3
Nxf3+ 9. Qxf3 Be7 10. a3 b6 11. b4 h6 12. d4 g5 13. Rd1 c5 14. dxe5 cxb4 15.
axb4 g4 16. Qf5 Rg8 17. Bxh6 1-0

[Event "AUTO-OPEN-3493"]
[Site "http://www.queenalice.com/game.php?id=1363605"]
[Date "2015.6.5"]
[Round "1"]
[White "jezmantis"]
[Black "ticovi1970"]
[Result "1-0"]
[WhiteElo "1100"]
[BlackElo "1725"]

1. d4 d5 2. e3 a6 3. Bd3 Nc6 4. f4 f5 5. a3 b5 6. Nf3 h6 7. O-O e6 8. Ne5 Nxe5
9. fxe5 c5 10. Qh5+ Kd7 11. dxc5 Bxc5 12. b4 Ba7 13. Nc3 d4 14. Ne4 fxe4 15.
Bxe4 Rb8 16. Bb2 Kc7 17. Rad1 Qg5 18. Rf7+ Bd7 19. Qf3 Rd8 20. Bxd4 Bxd4 21.
exd4 Ne7 22. Qc3+ Kb8 23. Qf3 Nf5 24. Bxf5 exf5 25. e6 Bc8 26. Qc6 Qe3+ 27. Kh1
Qe4 28. Qc7+ Ka8 29. Qa7# 1-0

[Event "AUTO-OPEN-3493"]
[Site "http://www.queenalice.com/game.php?id=1363606"]
[Date "2015.6.5"]
[Round "1"]
[White "ticovi1970"]
[Black "jezmantis"]
[Result "0-1"]
[WhiteElo "1742"]
[BlackElo "1100"]

1. e4 g6 2. Nf3 Bg7 3. d4 d6 4. d5 c6 5. Bc4 Bd7 6. Nc3 a6 7. a4 Nh6 8. h3 c5 9.
O-O O-O 10. Be3 f6 11. Qd2 Nf7 12. Nh2 Ne5 13. Ba2 Nf7 14. Ng4 g5 15. f4 h6 16.
fxg5 hxg5 17. g3 b5 18. axb5 axb5 19. Kh2 b4 20. Ne2 Bb5 21. h4 gxh4 22. gxh4
Nd7 23. Nh6+ Nxh6 24. Bxh6 Bxe2 25. Rg1 Rf7 26. Qxe2 Ne5 27. Qg2 Qf8 28. c3 Kh7
29. Bf4 Bh6 30. Bxh6 Qxh6 31. Bb3 Qxh4+ 32. Qh3 Nf3+ 0-1

[Event "AUTO-OPEN-3493"]
[Site "http://www.queenalice.com/game.php?id=1363629"]
[Date "2015.6.5"]
[Round "1"]
[White "bdpq"]
[Black "ticovi1970"]
[Result "1-0"]
[WhiteElo "1598"]
[BlackElo "1610"]

1. e4 e5 2. d4 d6 3. dxe5 dxe5 4. Nf3 Nc6 5. Bb5 Qxd1+ 6. Kxd1 Bg4 7. Bxc6+ bxc6
8. Nd2 f6 9. b3 Rd8 10. h3 Bxf3+ 11. gxf3 Bb4 12. Rh2 1-0

[Event "AUTO-OPEN-3493"]
[Site "http://www.queenalice.com/game.php?id=1363630"]
[Date "2015.6.5"]
[Round "1"]
[White "ticovi1970"]
[Black "bdpq"]
[Result "0-1"]
[WhiteElo "1594"]
[BlackElo "1614"]

1. e4 d5 2. e5 e6 3. d4 Bb4+ 4. c3 Ba5 5. b4 Bb6 6. a4 Ne7 7. a5 Bxd4 8. cxd4
O-O 9. Qg4 Nf5 10. Bd3 Nc6 11. Nf3 Nxb4 12. Ra3 Nh6 0-1